| 000 | 00791nam a2200241 a 4500 | ||
|---|---|---|---|
| 005 | 20160419153111.0 | ||
| 008 | 160419b xxu||||| |||| 00| 0 spa d | ||
| 020 | _a9968975031 | ||
| 040 |
_aCO-BoIAVH _cCO-BoIAVH |
||
| 041 | _aspa | ||
| 090 |
_aFG _b0045 |
||
| 100 |
_aArauz Muñoz, Jennette _966086 |
||
| 245 | 1 | 3 |
_aCuadernos de Trabajo las Fronteras Centroamericanas: _bEl Potencial de conflicto ambiental en la cuenca del Golfo de Honduras |
| 260 |
_aSan Jose _bFUNPADEM _c2002 |
||
| 300 | _a46 Paginas | ||
| 650 | 1 | 4 |
_aEcosistema Costero _966087 |
| 650 | 1 | 4 |
_aDerrames de Hidrocarburos _966088 |
| 650 | 1 | 4 |
_aEspecies en vía de Extinción _931118 |
| 650 | 1 | 4 |
_aGeografía Política _966089 |
| 700 |
_aDelgado Carrasco, Hannia _966090 |
||
| 942 |
_cFolleto _2z |
||
| 945 | _d2007-06-07 | ||
| 999 |
_c5573 _d5573 |
||